000 00668nam a2200241Ia 4500
003 OSt
005 20221007071118.0
006 a|||||r|||| 00| 0
007 ta
008 221006b |||||||| |||| 00| 0 eng d
024 _a23,477
037 _cReference Collections
040 _aFLL
_cFLL
_beng
041 _2eng
_aeng
082 _aZ1,8, P3
100 _aGill Terry D.
_9688164
245 0 _aWorld court (what it is and how it works)
250 _a6th
260 _aLeiden
_bMartinus Nijhoff Publishers Boston
_c2003
300 _axviii,332p
_ccm.
942 _hZ1,8, P3
_cREF
_2CC
999 _c1142488
_d1142488